| 000 | 01130nam a2200265 i 4500 | ||
|---|---|---|---|
| 001 | 48050 | ||
| 003 | ES-MaACL | ||
| 005 | 20240208063106.0 | ||
| 007 | t| | ||
| 008 | 931025m18361842sp ||||1| spa d | ||
| 040 | _cES-MaACL | ||
| 100 | 0 |
_aGodoy, Manuel de, _cPríncipe de la Paz _957538 _eaut |
|
| 245 | 1 | 0 | _aCuenta dada de su vida política por Don Manuel Godoy, Príncipe de la paz, o sean [sic] Memorias críticas y apologéticas para la historia del reinado del Señor D. Carlos IV de Borbón |
| 246 | _aMemorias críticas y apologéticas para la historia del reinado del Señor D. Carlos IV de Borbón | ||
| 260 |
_aMadrid : _b[s.n.], _c1836-1842 ( _fImp. de I. Sancha) |
||
| 300 |
_a6 volúmenes ; _c19 cm. |
||
| 530 | _aDisponible en formato digital | ||
| 600 | 1 | 4 |
_aGodoy, Manuel de, _cPríncipe de la Paz _957538 |
| 651 | 4 |
_aEspaña- _xHistoria- _y1788-1808, Carlos IV. _98242 |
|
| 852 |
_aES-MaACL _jR-3081-86 |
||
| 856 | 4 |
_uhttps://bdh-rd.bne.es/viewer.vm?id=0000132473&page=1 _zBiblioteca Digital Hispánica |
|
| 942 |
_cMONANT _n0 |
||
| 999 |
_c48050 _d48050 |
||